National Evaluation of Title I of the 1994 Crime Act: Survey Sampling Frame of Law Enforcement Agencies, 1993-1997

The data in this collection represent the sampling frame used to draw a national sample of law enforcement agencies. The sampling frame was a composite of law enforcement agencies in existence between June 1993 and June 1997 and was used in a subsequent study, a national evaluation of Title I of the...

Descripción completa

Guardado en:  
Detalles Bibliográficos
Autor principal: Roth, Jeffrey (Autor)
Tipo de documento: Electrónico Research Data
Lenguaje:Inglés
Publicado: [Erscheinungsort nicht ermittelbar] [Verlag nicht ermittelbar] 2001
En:Año: 2001
Acceso en línea: Volltext (kostenfrei)
Verificar disponibilidad: HBZ Gateway
Palabras clave:

MARC

LEADER 00000cam a22000002c 4500
001 1840064692
003 DE-627
005 20250707113823.0
007 cr uuu---uuuuu
008 230324s2001 xx |||||o 00| ||eng c
024 7 |a 10.3886/ICPSR03080.v1  |2 doi 
035 |a (DE-627)1840064692 
035 |a (DE-599)KXP1840064692 
040 |a DE-627  |b ger  |c DE-627  |e rda 
041 |a eng 
084 |a 2,1  |2 ssgn 
100 1 |a Roth, Jeffrey  |e VerfasserIn  |4 aut 
109 |a Roth, Jeffrey 
245 1 0 |a National Evaluation of Title I of the 1994 Crime Act: Survey Sampling Frame of Law Enforcement Agencies, 1993-1997 
264 1 |a [Erscheinungsort nicht ermittelbar]  |b [Verlag nicht ermittelbar]  |c 2001 
336 |a Text  |b txt  |2 rdacontent 
337 |a Computermedien  |b c  |2 rdamedia 
338 |a Online-Ressource  |b cr  |2 rdacarrier 
520 |a The data in this collection represent the sampling frame used to draw a national sample of law enforcement agencies. The sampling frame was a composite of law enforcement agencies in existence between June 1993 and June 1997 and was used in a subsequent study, a national evaluation of Title I of the 1994 Crime Act. The evaluation was undertaken to (1) measure differences between Community Oriented Policing Services (COPS) grantees and nongrantees at the time of application, (2) measure changes over time in grantee agencies, and (3) compare changes over time between grantees and nongrantees. The sampling frame was comprised of two components: (a) a grantee component consisting of agencies that had received funding during 1995, and (b) a nongrantee component consisting of agencies that appeared potentially eligible but remained unfunded through 1995. 
540 |a ICPSR Terms of Use 
650 4 |a Community Policing 
650 4 |a crime control programs 
650 4 |a law enforcement agencies 
650 4 |a policies and procedures 
655 7 |a Forschungsdaten  |0 (DE-588)1098579690  |0 (DE-627)857755366  |0 (DE-576)469182156  |2 gnd-content 
787 0 8 |i Forschungsdaten zu  |a United States Government Accountability Office (GAO)  |t Community Policing Grants: COPS Grants Were a Modest Contributor to Declines in Crime in the 1990's  |d [Erscheinungsort nicht ermittelbar] : GAO, 2005  |w (DE-627)1912485176 
787 0 8 |i Forschungsdaten zu  |a Thacher, David  |t Conflicting values in community policing  |d 2001  |w (DE-627)191248966X 
787 0 8 |i Forschungsdaten zu  |a Roth, Jeffrey A.  |t COPS Program After 4 Years-National Evaluation  |d United States Department of Justice, National Institute of Justice, 2000  |w (DE-627)1912493098 
787 0 8 |i Forschungsdaten zu  |a Johnson, Calvin C.  |t COPS Program and the Spread of Community Policing Practices, 1995-2000  |d Urban Institute [producer], National Institute of Justice [distributor], 2003  |w (DE-627)1912493101 
787 0 8 |i Forschungsdaten zu  |a Roth, Jeffrey  |t National Evaluation of the COPS Program Title I of the 1994 Crime Act, Research Report  |d [Erscheinungsort nicht ermittelbar] : United States Department of Justice, National Institute of Justice, 2000  |w (DE-627)1912630419 
787 0 8 |i Forschungsdaten zu  |a Koper, Christopher S.  |t Putting 100,000 Officers on the Street: A Survey-Based Assessment of the Federal COPS Program  |d Urban Institute [producer], National Institute of Justice [distributor], 2002  |w (DE-627)1912671328 
787 0 8 |i Forschungsdaten zu  |a Gavril, Mihai  |t Three Essays on Economic Policies  |d [Erscheinungsort nicht ermittelbar] : Clemson University, 2006  |w (DE-627)1912724545 
787 0 8 |i Forschungsdaten zu  |a Roth, Jeffrey A.  |t Trends in the Adoption of Community Policing  |d Wadsworth Publishing, 2004  |w (DE-627)1912728826 
856 4 0 |u https://doi.org/10.3886/ICPSR03080.v1  |x Resolving-System  |z kostenfrei  |3 Volltext  |7 0 
935 |a mkri 
951 |a BO 
ELC |a 1 
LOK |0 000 xxxxxcx a22 zn 4500 
LOK |0 001 4296812416 
LOK |0 003 DE-627 
LOK |0 004 1840064692 
LOK |0 005 20230324125326 
LOK |0 008 230324||||||||||||||||ger||||||| 
LOK |0 035   |a (DE-2619)ICPSR3080 
LOK |0 040   |a DE-2619  |c DE-627  |d DE-2619 
LOK |0 092   |o n 
LOK |0 852   |a DE-2619 
LOK |0 852 1  |9 00 
LOK |0 935   |a foda  |a nacj 
LOK |0 939   |a 24-03-23  |b l01 
OAS |a 1 
ORI |a SA-MARC-krimdoka001.raw